Estrategia de conservación de la biodiversidad y regulación de los servicios ambientales mediante la restitución de la conectividad estructural de fragmentos de bosque andino y sub andino en el sector Reserva Forestal Laguna de Pedro Palo - Cerro Manjuí y el DMI Cuchilla de Peñas Blancas y El Subia en Cundinamarca (Registro nro. 7205)

Detalles MARC
000 -CABECERA
Campo de control 01446nam a2200253 a 4500
005 - FECHA Y HORA DE LA ULTIMA TRANSACCION
Campo de control 20180803165431.0
008 - ELEMENTOS DE LONGITUD FIJA—INFORMACION GENERAL
Campo de control 130902b2009 ck |||||r|||| 00| 0 spa d
040 ## - FUENTE DE CATALOGACIÓN
Agencia catalogadora original CO-BoIAVH
Agencia transcriptora CO-BoIAVH
041 ## - IDIOMA
Código de idioma para texto/pista de sonido o título separado Español
044 ## - PAÍS DE PUBLICACIÓN
País de publicación Colombia
090 ## - CLASIFICACIÓN LOCAL
Colección IAVH
Consecutivo 01392
245 ## - MENCION DE TITULO
Título Estrategia de conservación de la biodiversidad y regulación de los servicios ambientales mediante la restitución de la conectividad estructural de fragmentos de bosque andino y sub andino en el sector Reserva Forestal Laguna de Pedro Palo - Cerro Manjuí y el DMI Cuchilla de Peñas Blancas y El Subia en Cundinamarca
Parte restante del título Diseño, negociación e implementación de Herramientas de Manejo del Paisaje - HMP
260 ## - PUBLICACION, DISTRIBUCION, ETC. (PIE DE IMPRENTA)
Lugar de publicación, distribución, etc. Bogotá
Nombre del editor, distribuidor, etc. Instituto de Investigación de Recursos Biológicos Alexander von Humboldt
-- CAR
Fecha de publicación, distribución, etc. 2009
300 ## - DESCRIPCION FISICA
Extensión 104 p.
Otros detalles físicos il.
Dimensiones 28 cm.
500 ## - NOTA GENERAL
Nota general Convenio CAR - IAvH No. 08-330
505 ## - NOTA DE CONTENIDO
Nota de contenido Diseño y establecimiento de herramientas de manejo del paisaje con el fin de restituir la conectividad entre la Reserva Forestas Laguna de Pedro Palo - Cerro Manjui y el DMI Cuchilla de Peñas Blancas y El Subia en Cundinamarca
650 ## - ASIENTO SECUNDARIO DE MATERIA - TERMINO TEMATICO
Término temático o nombre geográfico como elemento de entrada Herramientas de Manejo del Paisaje
650 ## - ASIENTO SECUNDARIO DE MATERIA - TERMINO TEMATICO
Término temático o nombre geográfico como elemento de entrada Corredores biológicos
650 ## - ASIENTO SECUNDARIO DE MATERIA - TERMINO TEMATICO
Término temático o nombre geográfico como elemento de entrada Restauración ecológica
651 ## - ASIENTO SECUNDARIO DE MATERIA - NOMBRE GEOGRAFICO
Nombre geográfico Laguna de Pedro Palo
Subdivisión geográfica Cerro Manjui (Colombia)
651 ## - ASIENTO SECUNDARIO DE MATERIA - NOMBRE GEOGRAFICO
Nombre geográfico Peñas Blancas
Subdivisión geográfica Cundinamarca
651 ## - ASIENTO SECUNDARIO DE MATERIA - NOMBRE GEOGRAFICO
Nombre geográfico Subia
Subdivisión geográfica Cundinamarca
942 ## - ELEMENTOS ADICIONALES (KOHA)
Tipo de ítem Informe Técnico
Sistema de clasificación Local
Koha issues (borrowed), all copies 2
Existencias
Withdrawn status Lost status Sistema de Clasificación Damaged status No para préstamo Colección Inventariado Ubicación Permanente Ubicación actual Fecha de adquisición Total Checkouts Número topográfico Inventario / Código de Barras Date last seen Date checked out Ejemplar Price effective from Forma de adquisición Tipo de material
    Local     Humboldt Inventariado 2017 Bogotá Bogotá 25/11/2009 1 IAVH-01392 027785 09/08/2024 10/04/2014 Ej. 1 04/12/2012   Informe Técnico